El método de proyectos en las escuelas urbanas

Gespeichert in:
Bibliographische Detailangaben
1. Verfasser: Comas, Margarita (VerfasserIn)
Format: Buch
Sprache:Spanisch
Veröffentlicht: Buenos Aires Losada 1949
Schriftenreihe:La escuela activa, 14
Schlagworte:
Tags: Tag hinzufügen
Keine Tags, Fügen Sie den ersten Tag hinzu!

MARC

LEADER 00000nam a2200000 a 4500
001 UCX9886
003 CL-VaPUC
008 940701e19490000AG |||||||||||||||||spa|d
082 0 4 |a 371.36  |b COM  |2 21 
100 0 |a Comas, Margarita  |e author  |9 327405 
245 1 3 |a El método de proyectos en las escuelas urbanas 
300 |a 183 p 
942 |c BK 
945 |d 19940701 00:00:00  |a rbrito 
260 |a Buenos Aires  |b Losada  |c 1949 
650 0 |a Métodos de enseñanza  |9 270413 
583 |a last modification  |c 19940701 00:00:00  |k Rodrigo Vera 
490 0 |a La escuela activa, 14 
999 |c 229012  |d 229010 
952 |0 0  |1 0  |4 0  |6 371_360000000000000_COM_1949  |7 0  |8 P  |9 229538  |a BIBEDU  |b BIBEDU  |c BIBEDU_PB  |d 2019-11-15  |i 2987295  |o 371.36 COM 1949  |p 2987295  |r 2024-01-25  |w 2019-11-15  |y BK  |k EDU 
952 |0 0  |1 0  |4 0  |6 371_360000000000000_COM_1949  |7 0  |8 P  |9 229539  |a BIBEDU  |b BIBEDU  |c BIBEDU_PB  |d 2019-11-15  |i 1527207  |o 371.36 COM 1949  |p 1527207  |r 2024-01-25  |w 2019-11-15  |y BK  |k EDU